00804njm a2200253Ia 450000100060000000300090000600500170001500800410003204000130007304000130008604100130009910000200011210000170013210000360014924500550018525000110024026000090025126000710026030000190033130000230035050000640037350500380043765000750047537573IT-RoPAU20220918181222.0131025s9999 xx 000 0 und d aIT-RoPAU cIT-RoPAU aITALIANO aNilsson Lennart eAutore testo gCodice autore testo SPICS: 3175 aCorpo umano-1-La cellula/La pelle (40 diapositive) a1a ed. aROMA bSAMPAOLO FILM AUDIOVISIVIc1973 [1a Ed.: - Ed. Lingua Orig.: 1973] aDIAPOMONTAGGIO c (Testo: 16 pag.) aDiapomontaggio non sonorizzato. Sussidi didattico educativi aCorpo umano: la cellula, la pelle aDIDATTICO [DIAPOMONTAGGIO NON SONORIZZATO]eCodice MATERIA SPICS: 9972